Сказки народов Кавказа (Запись № 13110420)

Подробности
000 -МАРКЕР
контрольное поле 03056nam0a2200397 4500
001 - ИДЕНТИФИКАТОР ЗАПИСИ
контрольное поле RU\NLR\BIBL_A\016347399
005 - ИДЕНТИФИКАТОР ВЕРСИИ
контрольное поле 20250627122650.0
010 ## - МЕЖДУНАРОДНЫЙ СТАНДАРТНЫЙ НОМЕР КНИГИ (ISBN)
Номер (ISBN) 978-5-00185-288-9
Уточнения Просвещение-Союз
010 ## - МЕЖДУНАРОДНЫЙ СТАНДАРТНЫЙ НОМЕР КНИГИ (ISBN)
Номер (ISBN) 978-5-09-104496-6
Уточнения Просвещение
Тираж 600
021 ## - НОМЕР ГОСУДАРСТВЕННОЙ РЕГИСТРАЦИИ
Код страны Российская Федерация
Номер КН-П-23-014746
Номер Листа государственной регистраци КН-П-23-1463
035 ## - ДРУГИЕ СИСТЕМНЫЕ НОМЕРА
Идентификатор записи (NLR Aleph) 016347399
035 ## - ДРУГИЕ СИСТЕМНЫЕ НОМЕРА
Идентификатор записи (RuMoRGB)011641610
100 ## - ДАННЫЕ ОБЩЕЙ ОБРАБОТКИ
Данные общей обработки 20230418d2023 u y0rusy50 ca
101 0# - ЯЗЫК РЕСУРСА
Язык текста, звукозаписи и т.д. русский
102 ## - СТРАНА ПУБЛИКАЦИИ ИЛИ ПРОИЗВОДСТВА
Страна публикации Российская Федерация
105 ## - ПОЛЕ КОДИРОВАННЫХ ДАННЫХ: ТЕКСТОВЫЕ МАТЕРИАЛЫ, МОНОГРАФИЧЕСКИЕ
Кодированные данные о монографическом текстовом документе a z 000ay
181 #0 - ПОЛЕ КОДИРОВАННЫХ ДАННЫХ: ВИД СОДЕРЖАНИЯ
Код вида содержания (ISBD) i3
Код характеристики содержания (ISBD) axxe
181 #0 - ПОЛЕ КОДИРОВАННЫХ ДАННЫХ: ВИД СОДЕРЖАНИЯ
Код вида содержания (ISBD) b2
Код характеристики содержания (ISBD) xb2e
182 #1 - ПОЛЕ КОДИРОВАННЫХ ДАННЫХ: ТИП СРЕДСТВА
Код типа средства (ISBD) n - непосредственное
200 1# - ЗАГЛАВИЕ И СВЕДЕНИЯ ОБ ОТВЕТСТВЕННОСТИ
Основное заглавие Сказки народов Кавказа
Сведения, относящиеся к заглавию [для чтения взрослыми детям
Первые сведения об ответственности редактор-составитель: В. В. Кузьмин]
Последующие сведения об ответственности иллюстрации художников: В. В. Спасского [и др.]
203 ## - ВИД СОДЕРЖАНИЯ И ТИП СРЕДСТВА
Вид содержания Текст
-- Изображение
Дополнительные сведения об издании визуальные
Тип средства непосредственные
210 ## - ПУБЛИКАЦИЯ, РАСПРОСТРАНЕНИЕ И ДР.
Место издания, распространения и т.д. Москва
Имя издателя, распространителя и т. д. Просвещение
Дата издания, распространения и т.д. 2023
215 ## - ФИЗИЧЕСКАЯ ХАРАКТЕРИСТИКА
Специфическое обозначение материала и объем 206 с.
Другие сведения о физической характеристике цв. ил.
Размеры 27
225 1# - СЕРИЯ
Основное заглавие серии Сказки и мифы народов мира
330 ## - РЕЗЮМЕ ИЛИ РЕФЕРАТ
Текст примечания Кавказский эпос является одним из древнейших героико-эпических произведений народов мира наряду с "Илиадой", "Одисссей", "Шахнаме" и "Калевалой". В нашем сборнике представлено свыше пятидесяти кавказских сказок, легенд и преданий шестнадцати народов. Эти произведения были бережно извлечены из книг и периодических изданий XIX вска и переработаны русскими фольклористами Л. Ф. Черским и В. А. Гатцуком. Опубликованные в 1900-1906 годах, впервые они выпускаются в виде единой антологии. Самобытные и завораживающие сказочные сюжеты дают представление не только о народах, живущих в этом уникальном регионе, где невероятным образом соединяются Запад и Восток, но и о многообразии и особенностях кавказского фольклора
333 ## - ПРИМЕЧАНИЯ ОБ ОСОБЕННОСТЯХ РАСПРОСТРАНЕНИЯ И ИСПОЛЬЗОВАНИЯ
Текст примечания Для детей старше 6 лет
686 0# - ИНДЕКСЫ ДРУГИХ КЛАССИФИКАЦИЙ
Индекс Ш9(2)3=Кавк-2
702 #1 - ИМЯ ЛИЦА - ВТОРИЧНАЯ ОТВЕТСТВЕННОСТЬ
Код отношения Редактор
Начальный элемент ввода Кузьмин
Часть имени, кроме начального элемента ввода В. В.
Дополнения к именам, кроме дат литератор, редактор
Даты 1972-
Расширение инициалов личного имени Владимир Владимирович
Системный номер авторитетной/нормативной записи 133710
Идентификатор авторитетной/нормативной записи RU\NLR\AUTH\770133744
702 #1 - ИМЯ ЛИЦА - ВТОРИЧНАЯ ОТВЕТСТВЕННОСТЬ
Код отношения Карикатурист, Художник
Графика поля Кириллица
Материалы, к которым относится поле rus
Начальный элемент ввода Спасский
Часть имени, кроме начального элемента ввода В. В.
Дополнения к именам, кроме дат художник
Даты 1873-1924
Расширение инициалов личного имени Василий Васильевич
Системный номер авторитетной/нормативной записи 63593
Идентификатор авторитетной/нормативной записи RU\NLR\AUTH\7780665
942 ## - ДОПОЛНИТЕЛЬНЫЕ ЭЛЕМЕНТЫ ЗАПИСИ (АБИС)
Тип экземпляра АБИС Книга
980 ## - КОЛЛЕКЦИЯ
Название коллекции Национальная библиография
Экземпляры
Тип экземпляра Дата поступления Источник поступления Библиотека постоянного хранения Библиотека текущего хранения Место хранения Шифр хранения Штрих-код Статус экземпляра
Книга 18.04.2023 Обязательный экземпляр РНБ (Московский) РНБ (Московский) Русский книжный фонд: издания с 1957 года 2023-7/2192 1-4189171  
Книга 18.04.2023 Обязательный экземпляр РНБ (Московский) РНБ (Московский) Обменный фонд   1-4189172